[Event "4NCL, Birmingham ENG"]
[Site "?"]
[Date "2001.??.??"]
[Round "11"]
[White "Baburin, A."]
[Black "Rogers, I."]
[Result "1/2-1/2"]
[WhiteElo "2585"]
[BlackElo "2525"]
[PlyCount "52"]
[EventDate "2001.??.??"]
[Source "www.chesslib.no"]
[SourceDate "2004.05.04"]

1. d4 Nf6 2. c4 c5 3. d5 b5 4. cxb5 a6 5. bxa6 g6 6. Nc3 Bxa6 7. g3 d6 8. Bg2 Bg7 9. Nf3 Nbd7 10. O-O Nb6 11. Re1 O-O 12. Bg5 h6 13. Bf4 Nh5 14. Bc1 Nf6 15. Rb1 Bc4 16. e4 Nfd7 17. a3 Ba6 18. Qc2 Nc4 19. b4 cxb4 20. axb4 Nce5 21. Nxe5 Nxe5 22. b5 Bb7 23. Ne2 Qc8 24. Qxc8 Rfxc8 25. Be3 Nc4 26. Bd4 Na3 1/2-1/2

[Event "Lost Boys op"]
[Site "Antwerp"]
[Date "1998.07.07"]
[Round "7"]
[White "Van Wely, Loek"]
[Black "Kogan, Artur"]
[Result "1-0"]
[WhiteElo "2605"]
[BlackElo "2505"]
[PlyCount "71"]
[EventDate "1998.08.??"]
[Source "www.chesslib.no"]
[SourceDate "2004.05.04"]

1. d4 Nf6 2. c4 c5 3. d5 b5 4. cxb5 a6 5. bxa6 g6 6. Nc3 Bxa6 7. Nf3 Bg7 8. g3 O-O 9. Bg2 d6 10. O-O Nbd7 11. Qc2 Qa5 12. Rd1 Rfb8 13. b3 Ng4 14. Bb2 Qb4 15. h3 Nge5 16. Nd2 c4 17. f4 Nd3 18. exd3 cxd3 19. Qc1 Rc8 20. Ndb1 Rc7 21. Qd2 Nb6 22. Na4 Qd4+ 23. Bxd4 Bxd4+ 24. Kh2 Nxa4 25. Na3 Bxa1 26. Rxa1 Nb6 27. Qe3 Rb8 28. Rc1 Rxc1 29. Qxc1 Nd7 30. Qc3 Rc8 31. Qd4 Rc1 32. b4 Rd1 33. Qa7 d2 34. Qxa6 Rh1+ 35. Bxh1 d1=Q 36. Qc8+ 1-0

[Event "Masters"]
[Site "Bunratty IRL"]
[Date "2008.02.24"]
[Round "6"]
[White "Baburin, A."]
[Black "Jones, G."]
[Result "1-0"]
[WhiteElo "2542"]
[BlackElo "2562"]
[PlyCount "69"]
[EventDate "2008.02.22"]
[Source "www.chesslib.no"]
[SourceDate "2004.05.04"]

1. d4 Nf6 2. c4 c5 3. d5 b5 4. cxb5 a6 5. bxa6 g6 6. Nc3 Bxa6 7. g3 d6 8. Bg2 Bg7 9. Nf3 Nbd7 10. O-O Nb6 11. Re1 O-O 12. Bg5 Ne8 13. Qc1 Nc7 14. e4 Bc8 15. Bh6 Bg4 16. Bxg7 Kxg7 17. Nd2 Qd7 18. e5 Ra7 19. b3 Bf5 20. Nc4 Rb8 21. Qf4 Nxc4 22. bxc4 Rb4 23. Re3 h5 24. Rae1 Ra3 25. h3 dxe5 26. Qxe5+ Kg8 27. Qxe7 Rxc4 28. d6 Rcxc3 29. Rxc3 Qxe7 30. Rxe7 Rxc3 31. dxc7 Rc1+ 32. Kh2 Kg7 33. Bd5 Kf6 34. Rxf7+ Ke5 35. Rxf5+ 1-0

[Event "II Open ROMGAZ"]
[Site "Bucarest ROM"]
[Date "2008.09.16"]
[Round "6"]
[White "Malakhatko, V."]
[Black "Kasparov, S."]
[Result "1/2-1/2"]
[WhiteElo "2612"]
[BlackElo "2486"]
[PlyCount "87"]
[EventDate "2008.09.11"]
[Source "www.chesslib.no"]
[SourceDate "2004.05.04"]

1. d4 Nf6 2. c4 c5 3. d5 b5 4. cxb5 a6 5. bxa6 g6 6. Nc3 Bxa6 7. g3 d6 8. Bg2 Bg7 9. Nf3 Nbd7 10. Rb1 O-O 11. O-O Ne8 12. Qc2 Nc7 13. Rd1 Bxc3 14. Qxc3 Bxe2 15. Bh6 Nf6 16. Rd2 Bxf3 17. Bxf3 Re8 18. b4 Nb5 19. Qa1 Ra3 20. bxc5 Rxf3 21. Rxb5 Qd7 22. Rb3 Rxb3 23. axb3 Qh3 24. Bf4 dxc5 25. Qf1 Qxf1+ 26. Kxf1 Rc8 27. d6 Ne4 28. Re2 Nxd6 29. Rxe7 Nf5 30. Rb7 h5 31. Be5 Re8 32. Bb2 Ng7 33. h4 Ne6 34. Bf6 Kf8 35. Kg2 Rc8 36. Kf3 Ke8 37. Ke2 Rc7 38. Rb8+ Kd7 39. Kd3 Kc6 40. Kc3 Rd7 41. Rc8+ Kb5 42. Rb8+ Kc6 43. Rc8+ Kd5 44. f3 1/2-1/2

[Event "6. EICC"]
[Site "?"]
[Date "2005.06.29"]
[Round "11"]
[White "Pelletier Yannick"]
[Black "Cao Sang"]
[Result "0-1"]
[WhiteElo "2610"]
[BlackElo "2488"]
[PlyCount "96"]
[EventDate "2005.??.??"]
[Source "www.chesslib.no"]
[SourceDate "2004.05.04"]

1. d4 Nf6 2. c4 c5 3. d5 b5 4. cxb5 a6 5. bxa6 Bxa6 6. Nc3 d6 7. g3 g6 8. Bg2 Bg7 9. Nf3 Nbd7 10. Rb1 Qa5 11. O-O O-O 12. Bd2 Rfb8 13. Re1 Ng4 14. Qc2 Nge5 15. b3 Nxf3+ 16. exf3 Ne5 17. Re3 Bc8 18. f4 Bf5 19. Be4 Ng4 20. Rf3 Nh6 21. Bxf5 Nxf5 22. Qe4 h5 23. h3 Rb4 24. Qe1 Nd4 25. Rd3 Qa6 26. Qf1 c4 27. bxc4 Rxc4 28. g4 hxg4 29. hxg4 Qc8 30. Rg3 Rc5 31. a4 Nc2 32. Qd3 Na3 33. Rb4 Nc4 34. Be1 Rb8 35. Rxb8 Qxb8 36. Qe4 Qb7 37. f5 g5 38. Rh3 Ne5 39. Qe2 Rc4 40. Rg3 Qb4 41. Bd2 Bf6 42. Nd1 Qxa4 43. Ne3 Rc8 44. Rh3 Rb8 45. Bc3 Qe4 46. f3 Qb1+ 47. Kh2 Ra8 48. Ng2 Ra2 0-1

[Event "32nd olm Yerevan ARM"]
[Site "?"]
[Date "1996.??.??"]
[Round "?"]
[White "Aleksandrov, A."]
[Black "Cramling, P."]
[Result "0-1"]
[WhiteElo "2550"]
[BlackElo "2545"]
[PlyCount "58"]
[EventDate "1996.??.??"]
[Source "www.chesslib.no"]
[SourceDate "2004.05.04"]

1. d4 Nf6 2. c4 c5 3. d5 b5 4. cxb5 a6 5. bxa6 g6 6. Nc3 Bxa6 7. h4 d6 8. Nh3 Nbd7 9. Nf4 h5 10. Qc2 Ne5 11. g3 Bg7 12. Bh3 O-O 13. O-O Qb6 14. Rb1 Bc8 15. Bxc8 Rfxc8 16. b3 Nfg4 17. Kg2 c4 18. b4 Nd3 19. Bd2 Ndxf2 20. a4 Bxc3 21. Nxg6 Bf6 22. Nf4 Qd4 23. a5 Be5 24. b5 c3 25. Bc1 Rxa5 26. b6 Bxf4 27. Bxf4 Qxd5+ 28. e4 Nxe4 29. Rbd1 Nd2+ 0-1

[Event "RUS-ch"]
[Site "Elista"]
[Date "1996.??.??"]
[Round "4"]
[White "Aseev, Konstantin N"]
[Black "Fominyh, Alexander"]
[Result "1/2-1/2"]
[WhiteElo "2560"]
[BlackElo "2535"]
[PlyCount "96"]
[EventDate "1996.10.15"]
[Source "ChessBase"]

1. d4 Nf6 2. c4 c5 3. d5 b5 4. cxb5 a6 5. bxa6 g6 6. Nc3 Bxa6 7. g3 Bg7 8. Bg2 d6 9. Nh3 Nbd7 10. O-O O-O 11. Bd2 Qc7 12. Qc2 Rfb8 13. Rab1 Ne5 14. b3 Bc8 15. Ng5 Qa7 16. Nf3 Nxf3+ 17. Bxf3 Nd7 18. Bg2 Ne5 19. h3 Bf5 20. e4 Bc8 21. Rfd1 Qa6 22. Be3 Qa5 23. Rbc1 Nd7 24. Rd2 Ba6 25. Kh2 Rc8 26. Ne2 Ne5 27. Qd1 Qa3 28. Nf4 Qb4 29. Rdc2 Qb7 30. f3 Bb5 31. Bf1 Ra3 32. Bxb5 Qxb5 33. Rd2 Rca8 34. Rcc2 c4 35. Qe2 Qa6 36. Kg2 cxb3 37. Qxa6 R8xa6 38. Rc8+ Bf8 39. axb3 Kg7 40. Rb2 Ra2 41. Rcc2 Rxb2 42. Rxb2 Kg8 43. Bd4 Bg7 44. Ne2 Ra3 45. Rb1 Ra2 46. Rb2 Ra3 47. Rb1 Ra2 48. Rb2 Ra3 1/2-1/2

[Event "Tch-RUS (club) (1 liga)"]
[Site "Sochi"]
[Date "2004.04.28"]
[Round "9.5"]
[White "Yakovich, Yuri"]
[Black "Kasparov, Sergey"]
[Result "1/2-1/2"]
[WhiteElo "2596"]
[BlackElo "2497"]
[PlyCount "113"]
[EventDate "2004.04.20"]
[Source "Roberto Alvarez"]
[SourceDate "2004.05.03"]

1. d4 Nf6 2. c4 c5 3. d5 b5 4. cxb5 a6 5. bxa6 g6 6. Nc3 Bxa6 7. g3 d6 8. Bg2 Bg7 9. Nf3 Nfd7 10. Bf4 Nb6 11. Qc1 h6 12. O-O N8d7 13. Rd1 Nc4 14. b3 Nce5 15. Nxe5 Nxe5 16. Rb1 Bc8 17. a4 Bf5 18. Be4 Bxe4 19. Nxe4 Qd7 20. Nd2 Rb8 21. Bxe5 Bxe5 22. Nc4 Bg7 23. Na5 h5 24. Nc6 Rc8 25. h4 e6 26. e4 O-O 27. b4 cxb4 28. Rxb4 exd5 29. exd5 Rfe8 30. Re1 Be5 31. Rc4 Ra8 32. Kg2 Kg7 33. a5 Qb7 34. Rb4 Qd7 35. Qb1 Rec8 36. Rb7 Rc7 37. Rxc7 Qxc7 38. Qb6 Qc8 39. Nxe5 dxe5 40. d6 Ra6 41. Qc7 Qa8+ 42. Kg1 Rxa5 43. Qc3 Kh7 44. Rxe5 Ra3 45. Qd2 Ra2 46. Qd5 Qxd5 47. Rxd5 Ra8 48. Kg2 Kg7 49. g4 hxg4 50. Kg3 Kf6 51. Kxg4 Ke6 52. Rd1 Kd7 53. h5 Ra4+ 54. f4 gxh5+ 55. Kg5 h4 56. f5 h3 57. Rh1 1/2-1/2

[Event "South Africa"]
[Site "South Africa"]
[Date "1979.??.??"]
[Round "?"]
[White "Unzicker, Wolfgang"]
[Black "Miles, Anthony J"]
[Result "1/2-1/2"]
[WhiteElo "2530"]
[BlackElo "2560"]
[PlyCount "98"]
[EventDate "1979.??.??"]
[Source "www.chesslib.no"]
[SourceDate "2004.05.04"]

1. d4 Nf6 2. c4 g6 3. g3 c5 4. d5 b5 5. cxb5 a6 6. bxa6 Bg7 7. Nc3 Bxa6 8. Nf3 d6 9. Bg2 Nbd7 10. O-O Nb6 11. Re1 O-O 12. Nd2 Qd7 13. Rb1 Qb7 14. b4 Nfd7 15. bxc5 Nxc5 16. Bb2 Qd7 17. Nce4 Nba4 18. Bxg7 Kxg7 19. Nxc5 Nxc5 20. Nb3 Rfc8 21. Rc1 Nxb3 22. axb3 Kg8 23. Bf3 Qb5 24. Rxc8+ Rxc8 25. e4 Qb4 26. Kg2 Rc3 27. Qa1 Rxb3 28. Rc1 Ra3 29. Qb1 Qd4 30. Rd1 Qf6 31. Bg4 h5 32. Bh3 Be2 33. Re1 Bd3 34. e5 dxe5 35. Qb8+ Kg7 36. Qxe5 Qxe5 37. Rxe5 Ra1 38. Bd7 Kf6 39. Re3 Bc4 40. Bc6 g5 41. f4 Ra2+ 42. Kg1 Ra1+ 43. Kg2 g4 44. Re5 Ra2+ 45. Kg1 Ra1+ 46. Kg2 Ra2+ 47. Kg1 Be2 48. Rxh5 Bf3 49. Bd7 Rg2+ 1/2-1/2

[Event "Suetin mem"]
[Site "?"]
[Date "2002.??.??"]
[Round "9"]
[White "Burmakin Vladimir"]
[Black "Loginov Valery A"]
[Result "1/2-1/2"]
[WhiteElo "2564"]
[BlackElo "2524"]
[PlyCount "112"]
[EventDate "2002.??.??"]
[Source "www.chesslib.no"]
[SourceDate "2004.05.04"]

1. d4 Nf6 2. Nf3 g6 3. c4 Bg7 4. g3 c5 5. d5 b5 6. cxb5 a6 7. bxa6 d6 8. Nc3 Bxa6 9. Bg2 Nbd7 10. O-O Nb6 11. Nd2 O-O 12. Qc2 Ra7 13. Rd1 Nfd7 14. Nf1 Nc4 15. Ne3 Qb6 16. Rb1 Nde5 17. b3 Nxe3 18. Bxe3 Ng4 19. Bd2 c4 20. e3 cxb3 21. Qxb3 Qxb3 22. Rxb3 Bc4 23. Rb4 Ne5 24. a4 Rc8 25. Nb5 Raa8 26. Nd4 Nd3 27. Nc6 Rxc6 28. dxc6 Nxb4 29. Bxb4 Rxa4 30. c7 Ba6 31. Bf1 Bc8 32. Bxd6 exd6 33. Rxd6 Bf8 34. Rd8 Be6 35. c8=Q Bxc8 36. Rxc8 Ra7 37. h4 h5 38. Bc4 Kg7 39. Kg2 Bd6 40. Bd5 f5 41. Rc6 Be5 42. e4 fxe4 43. Bxe4 Bf6 44. Kh3 Re7 45. f3 Re5 46. Kg2 Re7 47. Kf2 Ra7 48. Ke3 Rd7 49. g4 hxg4 50. fxg4 Bxh4 51. Rxg6+ Kf7 52. g5 Re7 53. Rf6+ Kg7 54. Rf5 Kg6 55. Re5+ Kh5 56. Rxe7 Bxg5+ 1/2-1/2

[Event "US Open"]
[Site "Fort Lauderdale"]
[Date "2004.08.13"]
[Round "7"]
[White "Ibragimov, Ildar"]
[Black "Gurevich, Dmitry"]
[Result "1-0"]
[WhiteElo "2582"]
[BlackElo "2504"]
[PlyCount "61"]
[EventDate "2004.08.07"]
[Source "Roberto Alvarez"]
[SourceDate "2004.08.30"]

1. d4 Nf6 2. c4 c5 3. d5 b5 4. cxb5 a6 5. bxa6 g6 6. Nc3 Bxa6 7. g3 d6 8. Bg2 Bg7 9. Nf3 Nbd7 10. Rb1 O-O 11. O-O Qa5 12. Qc2 Rfb8 13. Rd1 Ng4 14. Bd2 Nge5 15. Nxe5 Nxe5 16. b3 Qa3 17. h3 c4 18. Be3 cxb3 19. axb3 Rc8 20. Bd4 Qb4 21. Qd2 Rab8 22. Ra1 Qxb3 23. Rxa6 Nc4 24. Qe1 Nb2 25. Bxg7 Nxd1 26. Nxd1 Kxg7 27. Rc6 Rxc6 28. dxc6 e6 29. Qc3+ Qxc3 30. Nxc3 Rb3 31. Ne4 1-0

[Event "Lee Cup"]
[Site "Beijing"]
[Date "1996.??.??"]
[Round "10"]
[White "Lin Weiguo"]
[Black "Ehlvest, Jaan"]
[Result "1-0"]
[WhiteElo "2425"]
[BlackElo "2660"]
[PlyCount "65"]
[EventDate "1996.08.??"]
[Source "ChessBase"]

1. d4 d6 2. c4 g6 3. g3 Bg7 4. Bg2 c5 5. d5 b5 6. cxb5 a6 7. bxa6 Bxa6 8. Nf3 Nd7 9. O-O Ngf6 10. Nc3 Ra7 11. Re1 O-O 12. h3 Nb6 13. e4 Nfd7 14. Qc2 Nc4 15. Bf4 Qa5 16. Rac1 Rb8 17. b3 Nce5 18. Nxe5 Nxe5 19. Bxe5 Bxe5 20. f4 Bd4+ 21. Kh2 c4 22. Qd2 Bc5 23. bxc4 Bxc4 24. e5 Ba6 25. f5 dxe5 26. Qh6 Rb6 27. d6 Bb7 28. Bxb7 Rbxb7 29. f6 exf6 30. Ne4 Rb2+ 31. Kh1 Qd8 32. Rxc5 Kh8 33. Nxf6 1-0

[Event "Kiev 81/(47)"]
[Site "?"]
[Date "2001.??.??"]
[Round "?"]
[White "Kruppa, Y."]
[Black "Malakhatko, V."]
[Result "1/2-1/2"]
[WhiteElo "2572"]
[BlackElo "2513"]
[PlyCount "47"]
[EventDate "2001.??.??"]
[Source "Chess Informant"]
[SourceDate "2001.02.01"]

1. d4 Nf6 2. c4 c5 3. d5 b5 4. cxb5 a6 5. bxa6 g6 6. Nc3 Bxa6 7. g3 d6 8. Bg2 Bg7 9. Nf3 Nbd7 10. Rb1 O-O 11. O-O Qa5 12. Bd2 Rfb8 13. Qc2 Nb6 14. b3 Qa3 15. Bc1 Qa5 16. Rd1 Ne8 17. Bb2 Nc7 18. e4 Bc8 19. h3 Bd7 20. Qc1 Qa6 21. Ra1 Qc8 22. Kh2 Qf8 23. Re1 Ra7 24. Nd1 1/2-1/2

[Event "Arco Open 24th"]
[Site "?"]
[Date "2002.10.26"]
[Round "9"]
[White "Epishin Vladimir"]
[Black "Ivanov Mikhail M"]
[Result "1-0"]
[WhiteElo "2628"]
[BlackElo "2456"]
[PlyCount "97"]
[EventDate "2002.??.??"]
[Source "www.chesslib.no"]
[SourceDate "2004.05.04"]

1. d4 Nf6 2. c4 c5 3. d5 b5 4. cxb5 a6 5. bxa6 g6 6. Nc3 Bxa6 7. g3 Bg7 8. Bg2 d6 9. Nf3 Nfd7 10. Bd2 Nb6 11. b3 Bb7 12. e4 Ba6 13. Rc1 N8d7 14. a4 O-O 15. Bf1 Bxf1 16. Kxf1 Nf6 17. Kg2 Qd7 18. Re1 Rfb8 19. Nb5 Qb7 20. Rb1 Ne8 21. Qc2 Rc8 22. Na3 Qa6 23. Be3 Nf6 24. h3 Nfd7 25. Rec1 Rab8 26. Nd2 Ne5 27. Ndc4 Nexc4 28. Nxc4 Nxc4 29. Qxc4 Qa5 30. Qc2 Ra8 31. Qd3 Rcb8 32. Rc4 Qa6 33. Qc2 h5 34. b4 cxb4 35. Rbxb4 Rxb4 36. Rxb4 Rc8 37. Rb6 Qa8 38. Rc6 Rb8 39. Bb6 Bf6 40. a5 Kg7 41. Qc4 g5 42. a6 h4 43. g4 Be5 44. Be3 Kh6 45. a7 Re8 46. Rc7 e6 47. Qc6 exd5 48. Qxa8 Rxa8 49. exd5 1-0

[Event "Corr"]
[Site "?"]
[Date "1998.??.??"]
[Round "?"]
[White "Holmberg Rune"]
[Black "Nilsson Joergen"]
[Result "1-0"]
[WhiteElo "2567"]
[BlackElo "2516"]
[PlyCount "151"]
[EventDate "1998.??.??"]
[Source "www.chesslib.no"]
[SourceDate "2004.05.04"]

1. d4 Nf6 2. c4 c5 3. d5 b5 4. cxb5 a6 5. bxa6 Bxa6 6. Nc3 g6 7. Nf3 Bg7 8. g3 d6 9. Bg2 Nbd7 10. O-O Nb6 11. Nd2 O-O 12. Qc2 Ra7 13. Rd1 Qa8 14. e4 Rb8 15. b3 Ng4 16. Nf3 Nd7 17. Bg5 Nde5 18. Ne1 h6 19. Bc1 c4 20. h3 Nf6 21. Be3 Rc7 22. Bd4 Nd3 23. Bf1 Rbc8 24. Nxd3 cxd3 25. Bxd3 Nxd5 26. Bxa6 Qxa6 27. Qe2 Qxe2 28. Nxe2 Bxd4 29. Nxd4 Nc3 30. Re1 Kf8 31. Nf3 Rb8 32. Re3 Ke8 33. Kf1 Kd7 34. Nd2 Nb5 35. Nc4 e5 36. Rd3 Nd4 37. f4 f6 38. Rad1 Rc6 39. Kf2 h5 40. Ne3 Rbc8 41. Nc4 Rb8 42. R1d2 Rbc8 43. Ke3 Ke6 44. Kf2 Kd7 45. Ne3 Rc1 46. b4 Rb1 47. f5 g5 48. Rd1 Rxb4 49. R3d2 Rc5 50. Nd5 Rxd5 51. exd5 Nxf5 52. a3 Ra4 53. Rd3 Ke7 54. Rb1 Kf7 55. Rb4 Ra5 56. a4 Nd4 57. Rb7+ Kg6 58. Ra3 f5 59. Rd7 Rxd5 60. a5 Nc2 61. Rc3 Rd2+ 62. Kf1 f4 63. g4 hxg4 64. hxg4 Kf6 65. a6 Ne3+ 66. Ke1 Rd1+ 67. Ke2 Ke6 68. Ra3 Rh1 69. a7 Rh2+ 70. Kd3 Rh8 71. Rb7 Nxg4 72. a8=Q Rxa8 73. Rxa8 Nf2+ 74. Ke2 Ne4 75. Kf3 Nf6 76. Rg7 1-0

[Event "Schweiz 81/48"]
[Site "?"]
[Date "2001.??.??"]
[Round "?"]
[White "Jussupow, A."]
[Black "Nemet, I."]
[Result "1-0"]
[WhiteElo "2645"]
[BlackElo "2437"]
[PlyCount "159"]
[EventDate "2001.??.??"]
[Source "Chess Informant"]
[SourceDate "2001.02.01"]

1. d4 Nf6 2. Nf3 g6 3. c4 c5 4. d5 b5 5. cxb5 a6 6. bxa6 Bg7 7. Nc3 Bxa6 8. g3 O-O 9. Bg2 d6 10. O-O Nbd7 11. Rb1 Qa5 12. Bd2 Rfb8 13. Qc2 Ng4 14. Rfd1 Bc8 15. Be1 Nde5 16. Nd2 h5 17. h3 Nh6 18. e4 c4 19. a3 Qc5 20. b4 cxb3 21. Nxb3 Qc7 22. Nd4 Rxb1 23. Qxb1 Bd7 24. Ncb5 Qb6 25. Qb3 f5 26. a4 fxe4 27. Ne6 Bxe6 28. dxe6 Nf3+ 29. Bxf3 exf3 30. Qxf3 Rxa4 31. Nxd6 Rd4 32. Qa8+ Kh7 33. Ne4 Nf5 34. Ng5+ Kh6 35. Nf7+ Kh7 36. Ng5+ Kh6 37. Nf7+ Kh7 38. Rxd4 Qxd4 39. Ng5+ Kh6 40. Nf7+ Kh7 41. Ng5+ Kh6 42. Nf3 Qa1 43. Qe4 Bc3 44. g4 hxg4 45. hxg4 Bxe1 46. gxf5 Bc3+ 47. Kg2 Bf6 48. Qf4+ g5 49. Qe4 Kg7 50. Nh2 Qc3 51. Ng4 Qa1 52. Ne3 Qb2 53. Nd5 Qa1 54. Qb4 Qa8 55. Qb5 Qc8 56. Qa4 Qb7 57. Qe4 Qa7 58. Ne3 Qa1 59. Ng4 Qd1 60. Qf3 Qd4 61. Ne3 Qa4 62. Qg4 Qa8+ 63. Kg1 Qa1+ 64. Nf1 Qb1 65. Kg2 Qb7+ 66. Qf3 Qb2 67. Ng3 Qd4 68. Ne4 Qe5 69. Qg4 Qd5 70. Kh3 Qa8 71. Ng3 Qa1 72. Qe4 Qd1 73. Kg2 Qa1 74. Qc6 Qd4 75. Qe8 Qd5+ 76. Kh3 Qf3 77. Qg6+ Kh8 78. Qh5+ Qxh5+ 79. Nxh5 Bd4 80. f6 1-0

[Event "Yerevan (zt)"]
[Site "?"]
[Date "2000.??.??"]
[Round "?"]
[White "Ilincic, Z."]
[Black "Nikolaidis, I."]
[Result "1-0"]
[WhiteElo "2550"]
[BlackElo "2530"]
[PlyCount "101"]
[EventDate "2000.??.??"]
[Source "Chess Informant"]
[SourceDate "2000.06.01"]

1. d4 Nf6 2. c4 g6 3. g3 c5 4. d5 b5 5. cxb5 a6 6. bxa6 Bg7 7. Nc3 d6 8. Bg2 O-O 9. Rb1 Qb6 10. Nh3 Bf5 11. Ra1 Nxa6 12. O-O Nb4 13. e4 Bg4 14. f3 Bxh3 15. Bxh3 c4+ 16. Kh1 Nd3 17. Qc2 Rfb8 18. Nd1 Nxc1 19. Qxc1 Qb4 20. Rf2 h5 21. Bf1 Rc8 22. Rc2 Qe1 23. Nc3 Qxc1 24. Rcxc1 Nd7 25. Bh3 Rd8 26. Bxd7 Rxd7 27. Nd1 Ra4 28. Rc2 Rb7 29. a3 Rb3 30. Kg2 Rd3 31. Rac1 e6 32. Nf2 Rd4 33. Rd1 exd5 34. exd5 Ra5 35. Rxd4 Bxd4 36. Ne4 Ra6 37. Nd2 c3 38. bxc3 Bc5 39. Ne4 Rxa3 40. Nxc5 dxc5 41. d6 Ra7 42. Rd2 Rd7 43. g4 h4 44. f4 f5 45. gxf5 gxf5 46. c4 Kf7 47. Rd5 Kf6 48. Kh3 Ke6 49. Kxh4 Rh7+ 50. Kg5 Kd7 51. h4 1-0

[Event "XVII Festival"]
[Site "Abu Dhabi EAU"]
[Date "2007.08.14"]
[Round "3"]
[White "Aleksandrov, A."]
[Black "Safarli, E."]
[Result "1/2-1/2"]
[WhiteElo "2605"]
[BlackElo "2471"]
[PlyCount "60"]
[EventDate "2007.08.12"]
[Source "www.chesslib.no"]
[SourceDate "2004.05.04"]

1. d4 Nf6 2. c4 c5 3. d5 b5 4. cxb5 a6 5. bxa6 g6 6. Nc3 Bxa6 7. g3 d6 8. Bg2 Bg7 9. Nf3 Nbd7 10. Rb1 Nb6 11. b3 Bc8 12. Nd2 Bf5 13. e4 Bc8 14. Bb2 Nfd7 15. Qc2 O-O 16. O-O Ba6 17. Rfd1 Ne5 18. Nf3 Nbd7 19. a4 Rb8 20. Nxe5 Nxe5 21. Na2 Qb6 22. Bc3 Qa7 23. h3 f5 24. exf5 gxf5 25. Bxe5 Bxe5 26. f4 c4+ 27. Kh2 cxb3 28. Rxb3 Rxb3 29. Qxb3 Rb8 30. Nb4 Bd4 1/2-1/2

[Event "YUG-chT 52nd"]
[Site "?"]
[Date "2000.08.26"]
[Round "3"]
[White "Sakaev Konstantin"]
[Black "Martinovic Slobodan"]
[Result "1-0"]
[WhiteElo "2627"]
[BlackElo "2448"]
[PlyCount "87"]
[EventDate "2000.??.??"]
[Source "www.chesslib.no"]
[SourceDate "2004.05.04"]

1. d4 Nf6 2. c4 c5 3. d5 b5 4. cxb5 a6 5. bxa6 g6 6. Nc3 Bxa6 7. g3 d6 8. Bg2 Bg7 9. Nf3 O-O 10. O-O Nbd7 11. Qc2 Qc7 12. Rd1 Rfb8 13. h3 Bc4 14. Nd2 Ba6 15. Rb1 Nb6 16. b3 Ne8 17. Bb2 Qa7 18. e4 Nc7 19. Bf1 Bxf1 20. Rxf1 Qa6 21. a4 Ra7 22. Nd1 e6 23. Bxg7 Kxg7 24. dxe6 Nxe6 25. Nf3 d5 26. Nc3 d4 27. Nb5 Re7 28. Nd2 Rd8 29. f4 f6 30. Rf3 Qb7 31. Rbf1 Qd7 32. Kg2 Qc6 33. Kh2 Qd7 34. h4 Rc8 35. f5 gxf5 36. Rxf5 Rf8 37. Qd3 Ref7 38. Nf3 c4 39. bxc4 Nxa4 40. Rd5 Qe7 41. Nfxd4 Nec5 42. Qe3 Qxe4 43. Qxe4 Nxe4 44. Ne6+ 1-0

[Event "National op"]
[Site "Las Vegas"]
[Date "1996.??.??"]
[Round "?"]
[White "Sagalchik, Gennadij"]
[Black "Wolff, Patrick G"]
[Result "1-0"]
[WhiteElo "2510"]
[BlackElo "2565"]
[PlyCount "44"]
[EventDate "1996.??.??"]
[Source "www.chesslib.no"]
[SourceDate "2004.05.04"]

1. d4 Nf6 2. c4 c5 3. d5 b5 4. cxb5 a6 5. bxa6 g6 6. Nc3 Bxa6 7. g3 d6 8. Bg2 Bg7 9. Nh3 O-O 10. O-O Nbd7 11. Qc2 Ng4 12. Rb1 c4 13. Ng5 Nc5 14. Nf3 Qc7 15. h3 Ne5 16. Nd4 Ned3 17. Nc6 Nxc1 18. Rfxc1 e5 19. b4 cxb3 20. axb3 f5 21. b4 Nd7 22. Nb5 Qb6 1-0

[Event "SUI-chT"]
[Site "SUI"]
[Date "2000.??.??"]
[Round "?"]
[White "Milov, Vadim"]
[Black "Zueger, Beat"]
[Result "1-0"]
[WhiteElo "2653"]
[BlackElo "2420"]
[PlyCount "81"]
[EventDate "2000.??.??"]
[Source "www.chesslib.no"]
[SourceDate "2004.05.04"]

1. d4 Nf6 2. c4 c5 3. d5 b5 4. cxb5 a6 5. bxa6 g6 6. Nc3 Bxa6 7. Nf3 Bg7 8. g3 d6 9. Bg2 Nbd7 10. Rb1 Nb6 11. b3 O-O 12. O-O Ra7 13. Qd2 Qa8 14. Rd1 Rb8 15. Bb2 Nbd7 16. h3 Rb4 17. Qc2 Rab7 18. Ba1 Rb8 19. a3 R4b7 20. Nd2 h5 21. Nf3 Nh7 22. e3 Qa7 23. a4 Rb6 24. Bf1 Bxf1 25. Rxf1 Qb7 26. Nd2 Qc8 27. Kg2 Qb7 28. e4 Nhf6 29. Nb5 Ra6 30. Nc4 Nb6 31. Rfe1 Nc8 32. Bc3 Qd7 33. Qd3 Na7 34. Nxa7 Rxa7 35. Na5 Re8 36. Nc6 Raa8 37. Qf3 Nh7 38. Bxg7 Ng5 39. Qf4 Qxh3+ 40. Kg1 Kxg7 41. Qxg5 1-0

[Event "Pamplona 71/68"]
[Site "?"]
[Date "1997.??.??"]
[Round "?"]
[White "Illescas Cordoba, Miguel"]
[Black "De la Villa Garcia, Jesus M"]
[Result "1-0"]
[WhiteElo "2585"]
[BlackElo "2485"]
[PlyCount "119"]
[EventDate "1997.??.??"]
[Source "ChessBase"]
[SourceDate "1997.10.01"]

1. d4 Nf6 2. c4 g6 3. g3 c5 4. d5 b5 5. cxb5 a6 6. bxa6 Bg7 7. Bg2 d6 8. Nc3 Nbd7 9. Nf3 Nb6 10. O-O Rxa6 11. e4 Bb7 12. Bg5 O-O 13. Rc1 h6 14. Bxf6 Bxf6 15. Qd2 Kh7 16. Rfe1 Qa8 17. Rc2 Bxc3 18. bxc3 Nc4 19. Qe2 Ra4 20. h4 Ba6 21. Qd1 Bb5 22. e5 Rxa2 23. Rxa2 Qxa2 24. exd6 exd6 25. h5 Qa7 26. Qb3 Rb8 27. hxg6+ fxg6 28. Re6 Qa1+ 29. Kh2 Rb7 30. Nh4 Ne5 31. Rxe5 dxe5 32. d6 c4 33. Qb4 Bc6 34. d7 Rxb4 35. d8=Q Bxg2 36. Qe7+ Kg8 37. Qe8+ Kg7 38. Kxg2 Rb1 39. Qe7+ Kg8 40. Qe8+ Kg7 41. Qxg6+ Kf8 42. Qf6+ Ke8 43. Nf3 Rc1 44. Qxe5+ Kf7 45. Qd5+ Ke7 46. Qc5+ Kf6 47. Qf8+ Ke6 48. Nd4+ Kd7 49. Qf7+ Kc8 50. Qxc4+ Kb7 51. Qd5+ Kb8 52. Qd8+ Kb7 53. Qd7+ Ka8 54. Qe8+ Kb7 55. Qe7+ Kb6 56. Qb4+ Kc7 57. Qc4+ Kb7 58. Qb5+ Kc7 59. Qe5+ Kb6 60. Qb8+ 1-0

[Event "Israel"]
[Site "?"]
[Date "1995.??.??"]
[Round "?"]
[White "Zilberman, Y."]
[Black "Greenfeld, A."]
[Result "0-1"]
[WhiteElo "2490"]
[BlackElo "2580"]
[PlyCount "80"]
[EventDate "1995.??.??"]
[Source "ChessBase"]
[SourceDate "1995.02.01"]

1. d4 Nf6 2. c4 c5 3. d5 b5 4. cxb5 a6 5. bxa6 g6 6. g3 Bg7 7. Bg2 d6 8. Nc3 Bxa6 9. Nh3 Nbd7 10. O-O O-O 11. Qc2 Ne5 12. Nf4 Qa5 13. Rd1 Nc4 14. e4 Rfb8 15. Nfe2 Ra7 16. h3 Nd7 17. Rb1 Rab7 18. Bf1 Rb4 19. Kg2 Nde5 20. f4 Rxb2 21. fxe5 Bxe5 22. Rxb2 Rxb2 23. Qd3 Nd2 24. Qxd2 Rxd2 25. Bxd2 Bxe2 26. Nxe2 Qa4 27. Re1 Qxe4+ 28. Kf2 Qxd5 29. Be3 Qxa2 30. Bg2 c4 31. Be4 e6 32. g4 d5 33. Bb1 Qb2 34. Kf3 d4 35. Bh6 d3 36. Nf4 Bd4 37. Rf1 Qd2 38. Kg3 e5 39. Nxg6 Qxh6 40. Ne7+ Kf8 0-1

[Event "Paris FRA"]
[Site "Paris FRA"]
[Date "1989.??.??"]
[Round "?"]
[White "Murey, Jacob I"]
[Black "Fedorowicz, John P"]
[Result "0-1"]
[WhiteElo "2560"]
[BlackElo "2505"]
[PlyCount "54"]
[EventDate "1989.??.??"]
[Source "www.chesslib.no"]
[SourceDate "2004.05.04"]

1. d4 Nf6 2. c4 c5 3. d5 b5 4. cxb5 a6 5. bxa6 g6 6. Nc3 Bxa6 7. f4 Bg7 8. Nf3 Qa5 9. Kf2 O-O 10. h3 e6 11. e4 exd5 12. e5 Ne4+ 13. Nxe4 dxe4 14. Ng5 c4 15. Nxe4 d5 16. Ng5 f6 17. exf6 Bxf6 18. Nf3 Nc6 19. Kg3 Qc5 20. Rb1 Bc8 21. Be3 Qxe3 22. Qxd5+ Be6 23. Qxc6 Bh4+ 24. Kxh4 Qf2+ 25. g3 Rxf4+ 26. Kg5 Qxg3+ 27. Kh6 Rh4+ 0-1

[Event "Christmas Open, Zurich SUI"]
[Site "?"]
[Date "2000.??.??"]
[Round "5"]
[White "Epishin, V."]
[Black "Pikula, D."]
[Result "1-0"]
[WhiteElo "2565"]
[BlackElo "2500"]
[PlyCount "87"]
[EventDate "2000.??.??"]
[Source "www.chesslib.no"]
[SourceDate "2004.05.04"]

1. d4 Nf6 2. c4 c5 3. d5 b5 4. cxb5 a6 5. bxa6 g6 6. Nc3 Bxa6 7. g3 Bg7 8. Bg2 d6 9. Nf3 Nbd7 10. Rb1 O-O 11. b3 Qa5 12. Bd2 Rfb8 13. O-O Bb7 14. a4 Qd8 15. e4 Ba6 16. Re1 Ng4 17. Bf1 Nge5 18. Nxe5 Nxe5 19. Nb5 h5 20. Bc3 Nd7 21. Qd2 Bxc3 22. Qxc3 f6 23. f4 Rb7 24. Re3 Qf8 25. Be2 Qg7 26. Rf1 Rab8 27. Bc4 Rb6 28. Qd3 Kh8 29. Qe2 Kh7 30. h4 Kh8 31. Kh2 Qh6 32. Rff3 g5 33. Nxd6 exd6 34. Bxa6 g4 35. Rf2 Rxb3 36. Rxb3 Rxb3 37. Bb5 Nf8 38. e5 dxe5 39. fxe5 Qc1 40. Qd2 Qxd2 41. Rxd2 fxe5 42. d6 c4 43. Bxc4 Rc3 44. Bf7 1-0